Á lódáil...
Physical electronics
| Príomhúdar: | |
|---|---|
| Formáid: | Printed Book |
| Foilsithe: |
John Wiley & Sons, London
1962
|
| Ábhair: |
| LEADER | 00512nam a2200193 4500 | ||
|---|---|---|---|
| 020 | |c 42.75 | ||
| 082 | |a 537.5 HEM-P | ||
| 100 | |a Hemenway, Curtis, et al. | ||
| 245 | |a Physical electronics | ||
| 250 | |||
| 260 | |a John Wiley & Sons, London |c 1962 | ||
| 300 | |a 396 | ||
| 490 | |||
| 500 | |||
| 590 | |a VMV |c 42.75 | ||
| 650 | |a Electronics; Physics | ||
| 942 | |c BK | ||
| 999 | |c 78543 |d 78543 | ||
| 952 | |0 0 |1 0 |4 0 |6 537_500000000000000_HEMP |7 0 |9 92011 |a PHY |b PHY |g 42.75 |l 0 |o 537.5 HEM-P |p PHY00228 |r 2019-09-24 |w 2019-09-24 |y BK | ||